Вып. 15; Химия плазмы

Dettagli Bibliografici
Parent link:Химия плазмы: сборник статей/ под ред. Б. М. Смирнова. Вып. 15.— , 1974-1993
Lingua:russo
Pubblicazione: 1989
Soggetti:
Natura: MixedMaterials Libro
KOHA link:https://koha.lib.tpu.ru/cgi-bin/koha/opac-detail.pl?biblionumber=250247

MARC

LEADER 00000nam2a2200000 4500
001 250247
005 20231101232539.0
035 |a (RuTPU)RU\TPU\book\272425 
035 |a RU\TPU\book\238018 
090 |a 250247 
100 |a 20140212d1989 k y0rusy50 ca 
101 0 |a rus 
102 |a RU 
105 |a a z 001zy 
200 0 |a Вып. 15 
210 |d 1989 
215 |a 294 с.  |c ил. 
320 |a Библиография в конце статей 
461 1 |0 (RuTPU)RU\TPU\book\45015  |t Химия плазмы  |o сборник статей  |f под ред. Б. М. Смирнова  |v Вып. 15  |d 1974-1993 
606 1 |a Плазма  |x Химия  |2 stltpush  |3 (RuTPU)RU\TPU\subj\48916  |9 67733 
610 1 |a динамика 
610 1 |a взаимодействие 
610 1 |a атомы 
610 1 |a молекулы 
610 1 |a металлы 
610 1 |a особенности 
610 1 |a образование 
610 1 |a разрушение 
610 1 |a ионы 
610 1 |a низкотемпературная плазма 
610 1 |a фотопроцессы 
675 |a 544.55  |v 4 
801 1 |a RU  |b 63413507  |c 20120611 
801 2 |a RU  |b 63413507  |c 20170217  |g RCR 
942 |c BK